| 000 | 01031nmm a2200397 a 4500 | ||
|---|---|---|---|
| 003 | AR-BaBNM | ||
| 005 | 20251128205916.0 | ||
| 008 | 230120s1945 ||||||||||||||000 | spa|| | ||
| 040 | _cAR-BaBNM | ||
| 100 | 1 | _aFranceschi, Gustavo J. | |
| 245 | 1 | 0 |
_aTotalitarismos _bnacionalsocialismo y fascismo. 1 |
| 260 |
_aBuenos Aires _bDifusión _c1945 |
||
| 300 | _a488 p. | ||
| 500 | _aApéndice p. 459-478 | ||
| 500 | _aIndice de nombres p. 479-485 | ||
| 600 | 1 | 4 | _aMussolini, Benito |
| 610 | 2 | 4 | _aAcción Católica Argentina |
| 650 | 4 | _aCIENCIAS POLITICAS | |
| 650 | 4 | _aHISTORIA POLITICA | |
| 650 | 4 | _aDICTADURA | |
| 650 | 4 | _aNAZISMO | |
| 650 | 4 | _aTOTALITARISMO | |
| 650 | 4 | _aTIRANIA | |
| 650 | 4 | _aOPRESION | |
| 650 | 4 | _aTEORIA POLITICA | |
| 650 | 4 | _aDOCTRINAS POLITICAS | |
| 650 | 4 | _aPODER POLITICO | |
| 650 | 4 | _aGOBIERNO | |
| 650 | 4 | _aIDEOLOGIAS | |
| 650 | 4 | _aHISTORIA DE LAS IDEAS | |
| 650 | 4 | _aFILOSOFIA | |
| 650 | 4 | _aIGLESIA | |
| 653 | _aNACIONALSOCIALISMO | ||
| 942 | _cBK | ||
| 998 | _cMariana | ||
| 999 |
_c13250 _d13250 |
||